Zárszó-témánk és a történész-politikusok

Elmentve itt :
Bibliográfiai részletek
Szerző: Sipos József
Testületi szerző: Tetthelyre hívás - 1956 a szegedi 1989-ben (2016) (Szeged)
Dokumentumtípus: Cikk
Megjelent: Média-Mix Szeged 2017
Sorozat:Szeged hosszú tavasza 1989-ben és '56 : előadások, tanulmányok, visszaemlékezések, dokumentumok
Kulcsszavak:Forradalom - Magyarország - 1956, Forradalom - Szeged - 1956 - viszaemlékezés, Szeged története - 1956 - forrás, Szeged története - 1989 - forrás, Politikai változások - Magyarország - 1989-
Tárgyszavak:
Online Access:http://acta.bibl.u-szeged.hu/62643
LEADER 01065nab a2200217 i 4500
001 acta62643
005 20250902115051.0
008 191119s2017 hu o 000 hun d
020 |a 978-963-12-9848-2 
040 |a SZTE Egyetemi Kiadványok Repozitórium  |b hun 
041 |a hun 
100 1 |a Sipos József 
245 1 0 |a Zárszó-témánk és a történész-politikusok  |h [elektronikus dokumentum] /  |c  Sipos József 
260 |a Média-Mix  |b Szeged  |c 2017 
300 |a 237-242 
490 0 |a Szeged hosszú tavasza 1989-ben és '56 : előadások, tanulmányok, visszaemlékezések, dokumentumok 
650 4 |a Bölcsészettudományok 
650 4 |a Történettudomány és régészet 
695 |a Forradalom - Magyarország - 1956, Forradalom - Szeged - 1956 - viszaemlékezés, Szeged története - 1956 - forrás, Szeged története - 1989 - forrás, Politikai változások - Magyarország - 1989- 
710 |a Tetthelyre hívás - 1956 a szegedi 1989-ben (2016) (Szeged) 
856 4 0 |u http://acta.bibl.u-szeged.hu/62643/1/szeged_hosszu_tavasza_237-242.pdf  |z Dokumentum-elérés